Top 20 Deadliest Tornadoes In U.S. History - Statistics

General Stats
  • This quiz has been taken 78 times
  • The average score is 7 of 20
Answer Stats
Hint Answer % Correct
158 Joplin
93%
689 Tri-State
91%
114 Waco
50%
317 Natchez
39%
116 Flint
38%
255 St. Louis
34%
216 Tupelo
34%
181 Woodward
34%
203 Gainesville
30%
98 Gainesville
30%
117 New Richmond
29%
94 Worcester
27%
97 Snyder
25%
143 Amite
23%
114 Goliad
23%
101 Mattoon
23%
103 Omaha
23%
100 Shinnston
21%
99 Marshfield
18%
98 Poplar Bluff
18%
No matching quizzes found
Score Distribution
Percent of People with Each Score
Percentile by Number Answered
Your Score History
You have not taken this quiz